00694nam a2200241 a 4500001001300000003000900013005001700022008004100039020000900080082001300089100001900102245005200121260003700173300000800210500003500218505001700253650002200270700001900292902000800311942000700319952011100326999001500437nice12345678IN_TiNIC20260116012053.0050524s1966 lona grp 000 0 eng  ac3400a253bJEN aJenkins, David aParson at Workb Practical Points of Pastoralia aLondonbHodder & Stoughtonc1966 a95p aincludes index and biblioraphy2 aBibliography aPastoral Theology1 aJenkins, David bSRS cBK 001040708StackRoom-aHMIbHMId2007-07-10g34.00l0o253 JENp06609r2007-07-10v34.00w2005-05-24yBK c5519d5519